000 02919nam0a2200445 4500
001 RU\NLR\BIBL_A\022522441
005 20250512105309.0
010 _a978-5-02-041177-7
_92000
021 _aRU
_bКН-П-25-009393
_9КН-П-25-0952
035 _a(NLR Aleph) 022522441
090 _a13399364
_c13399364
100 _a20250415d2025 k y0rusy50 ca
101 0 _arus
102 _aRU
105 _aa z 000yy
181 0 _ai3
_baxxe
182 0 _an
200 1 _aОценка технологий здравоохранения
_f[Авксентьева М. В., доктор медицинских наук, профессор, Антонов А. А., экономист, Горкавенко Ф. В. и др.]
_gпод редакцией доктора медицинских наук В. В. Омельяновского, доктора медицинских наук М. В. Авксентьевой
_gФГБУ "Центр кспертизы и контроля качества медицинской помощи" Министерства здравоохранения Российской Федерации, ФГБОУ ДПО "Российская медицинская академия неприрывного профессионального образования" Министерства здравоохранения Российской Федерации
203 _aТекст
_bвизуальный
_cнепосредственный
210 _aМосква
_cНаука
_d2025 (печ. 2024)
215 _a388, [1] с.
_cцв. ил., табл.
_d22
225 1 _aИнформация, аналитика, решения
300 _aАвт. указаны на 3-й с.
320 _aБиблиогр.: с. 360-389 (351 назв.)
606 1 _aМедицинская помощь
_xКачество
_xОценка
_92366092
_3RU\NLR\AUTH\661412565
606 1 _aМедицинские технологии
_xОценка
_92177422
_3RU\NLR\AUTH\6601545458
606 1 _aКлинико-экономический анализ
_92510998
_3RU\NLR\AUTH\661488575
686 1 _aР11(2)к4
686 1 _aР11(2)2
701 1 _aАвксентьева
_bМ. В.
_gМария Владимировна
701 1 _7ca
_8rus
_aАнтонов
_bА. А.
_cэкономист, здравоохранение
_gАртем Алексеевич
_92651908
_3RU\NLR\AUTH\770279941
701 1 _aГоркавенко
_bФ. В.
_gФилипп Васильевич
702 1 _aОмельяновский
_bВ. В.
_gВиталий Владимирович
_4340
712 0 2 _4570
_aЦентр экспертизы и контроля качества медицинской помощи
_cМосква
_9672611
_3RU\NLR\AUTH\880506329
942 _cBOOK
980 _aNB